| Tag |
First Indicator |
Second Indicator |
Subfields |
| LEADER |
00000cam a2200000 4500 |
| 001 |
in00000036383 |
| 005 |
20151007060839.0 |
| 008 |
741021s1953 mau 00001 eng u |
| 010 |
|
|
|a 52014115
|
| 035 |
|
|
|a (OCoLC)01048756
|
| 035 |
|
|
|9 AAD0372AM
|
| 040 |
|
|
|c BNG
|d TXA
|d UtOrBLW
|
| 049 |
|
|
|a TXAM
|c [222348]
|
| 050 |
|
0 |
|a PZ3.W67
|b Un
|
| 090 |
|
|
|a PS3545.I5115
|b U52 1953
|
| 092 |
|
|
|a 813
|b W721u
|
| 100 |
1 |
|
|a Williams, Ben Ames,
|d 1889-1953.
|
| 245 |
1 |
4 |
|a The unconquered /
|c Ben Ames Williams.
|
| 264 |
|
1 |
|a Boston :
|b Houghton Mifflin,
|c [1953]
|
| 264 |
|
4 |
|c ©1953
|
| 300 |
|
|
|a 689 pages ;
|c 23 cm.
|
| 336 |
|
|
|a text
|b txt
|2 rdacontent
|
| 337 |
|
|
|a unmediated
|b n
|2 rdamedia
|
| 338 |
|
|
|a volume
|b nc
|2 rdacarrier
|
| 500 |
|
|
|a Sequel to House divided.
|
| 999 |
|
|
|a MARS
|
| 999 |
f |
f |
|s 75693781-1515-3227-b2ee-df68f76934e0
|i 1d8360e9-ab0a-375f-bd69-efaa6365eeaa
|t 0
|
| 952 |
f |
f |
|p ric
|a Texas A&M University
|b Rellis Campus
|c Joint Library Facility
|d Remote Storage
|t 0
|e PS3545.I5115 U52 1953
|h Library of Congress classification
|i unmediated -- volume
|m A14801255176
|
| 998 |
f |
f |
|a PS3545.I5115 U52 1953
|t 0
|l Remote Storage
|